| 000 | 00568nam a2200217Ia 4500 | ||
|---|---|---|---|
| 003 | 0100 | ||
| 008 | 130303s9999 xx 000 0 und d | ||
| 020 | _a486231240 | ||
| 040 | _cARRUPELIB | ||
| 050 | _aBL610 .A6 1975 | ||
| 100 | _aAngus, Samuel | ||
| 245 | 4 | _aThe mystery-religions = Mystery-religions and christianity | |
| 245 | _ba study in the religious background of early christianity | ||
| 260 | _aNew York | ||
| 260 | _bDover Publications | ||
| 260 | _C1975 | ||
| 300 | _axvi | ||
| 300 | _b 359 p. 22 cm | ||
| 700 | _aSamuel Angus | ||
| 942 | 0 | 0 | _04 |
| 999 |
_c13492 _d13492 |
||